000 00622nam a2200169Ia 4500
008 090201s9999 xx 000 0 und d
010 _aKPL-54198
040 _bमराठी
041 _aमराठी
082 _a11030
_b54198
100 _aके. वि. बेलसरे
245 _aसाधकाच्या अभ्यासाची रुपरेषा
_cके. वि. बेलसरे
260 _c2004
_bत्रिदल प्रकाशन
300 _a135
_bमोठा
600 _aसाधकाच्या अभ्यासाची रुपरेषा
942 _cBOOK
999 _c211443
_d211443